The Investor's guide to how the stock market really works : the guerrilla investor's secret handbook

Bibliographic Details
Main Author: Gough, Leo
Format: Book
Published: London : Pitman Publishing , 1995
Subjects:

MARC

LEADER 00000cam a2200000 7i4500
001 0000007828
002 000008399
005 20000330.0
020 |a 0273610708 
090 0 0 |a 332.642   |b GOU 
100 1 |a Gough, Leo 
245 1 4 |a The Investor's guide to how the stock market really works :   |b the guerrilla investor's secret handbook   |c Leo Gough 
260 |a London :   |b Pitman Publishing ,   |c 1995 
300 |a 216 p. ;   |c 21 cm. 
650 0 0 |a Stock exchanges 
999 |a 052873   |b BUKU   |c PINJAMAN   |e PERPUSTAKAAN KOMUNITI PETALING JAYA